| 000 | 01110pam a2200373 a 4500 | ||
|---|---|---|---|
| 999 |
_c483 _d483 |
||
| 001 | 019359391 | ||
| 003 | UkOxU | ||
| 005 | 20190816102100.0 | ||
| 008 | 101220s2012 enkac b 001|0 eng c | ||
| 015 |
_aGBB1D9872 _2bnb |
||
| 020 | _a9781406226287 | ||
| 035 | _a(WlAbNL)vtls006291423 | ||
| 035 | _a(Uk)015986727 | ||
| 038 | _aUk | ||
| 040 |
_aStDuBDS _beng _cStDuBDS _dWlAbNL |
||
| 042 | _aukscp | ||
| 082 | 0 | 4 |
_a523.112 FAR _222 |
| 100 | 1 |
_aFarndon, John. _eauthor |
|
| 245 | 1 | 0 |
_aWhat do we know about stars and galaxies? / _cJohn Farndon. |
| 260 |
_aLondon : _bRaintree, _c2012. |
||
| 300 |
_a48 p. : _bcol. ill., port. ; _c26 cm. |
||
| 490 | 1 | _aEarth, space, and beyond | |
| 490 | 1 | _aRaintree freestyle | |
| 500 | _aOriginally published: 2011. | ||
| 504 | _aIncludes bibliographical references and index. | ||
| 521 | 2 | _aKey Stage 3. | |
| 521 | 2 | _aKey Stage 4. | |
| 650 | 0 |
_aStars _vJuvenile literature. |
|
| 650 | 0 |
_aGalaxies _vJuvenile literature. |
|
| 830 | 0 | _aEarth, space, and beyond. | |
| 830 | 0 | _aRaintree freestyle. | |
| 942 |
_2ddc _cNFIC |
||